Otis Spofford, (Record no. 1280)

MARC details
000 -LEADER
fixed length control field 01163cam a2200241 4500
005 - DATE AND TIME OF LATEST TRANSACTION
control field 20230908160257.0
020 ## - INTERNATIONAL STANDARD BOOK NUMBER
International Standard Book Number 0439239230
040 ## - CATALOGING SOURCE
Original cataloging agency DLC
Transcribing agency ODaWU
Modifying agency OCoLC
-- DLC
Language of cataloging eng
050 00 - LIBRARY OF CONGRESS CALL NUMBER
Classification number PZ7.C5792
Item number Ot
082 ## - DEWEY DECIMAL CLASSIFICATION NUMBER
Classification number Fic
100 1# - MAIN ENTRY--PERSONAL NAME
Personal name Cleary, Beverly.
245 10 - TITLE STATEMENT
Title Otis Spofford,
Statement of responsibility, etc. illustrated by Louis Darling.
260 ## - PUBLICATION, DISTRIBUTION, ETC.
Place of publication, distribution, etc. New York,
Name of publisher, distributor, etc. Scholastic
Date of publication, distribution, etc. 1963.
300 ## - PHYSICAL DESCRIPTION
Extent 191 pages :
Other physical details Illustrations ;
Dimensions 20 cm
490 0# - SERIES STATEMENT
Series statement Beverly Cleary
505 ## - FORMATTED CONTENTS NOTE
Formatted contents note R <br/>
520 ## - SUMMARY, ETC.
Summary, etc. Newbery Medal-winning author Beverly Cleary brings her understanding and warmth to every page of this wonderful story of a "bad boy." When it comes to stirring up a little excitement in class, Otis Spofford knows just what to do. He can turn a folk dance fiesta into a three-ring circus . . . or an arithmetic lesson into a spitball marathon. Best of all, Otis likes teasing neat, well-behaved Ellen Tebbits--until the day his teasing goes too far. Now Otis is nervous, because Ellen isn't just mad . . . she's planning something!
521 ## - TARGET AUDIENCE NOTE
Target audience note 720 <br/>
Source Lexile <br/>
521 ## - TARGET AUDIENCE NOTE
Target audience note R <br/>
Source Raz-Plus <br/>
906 ## - LOCAL DATA ELEMENT F, LDF (RLIN)
a 7
b cbc
c oclcrpl
d u
e ncip
f 19
g y-gencatlg
942 ## - ADDED ENTRY ELEMENTS (KOHA)
Source of classification or shelving scheme Dewey Decimal Classification
Koha item type Books
Suppress in OPAC No
999 ## -
-- 1280
-- 1280
Holdings
Withdrawn status Lost status Source of classification or shelving scheme Damaged status Not for loan Collection Home library Current library Shelving location Date acquired Total Checkouts Full call number Barcode Date last seen Date last checked out Price effective from Koha item type
    Dewey Decimal Classification     Juvenile Fiction Footprints International School Library Network Toul Kork Campus Footprints International School Library Network Toul Kork Campus   08/10/2023 1 CLE Fic PZ7.C5792 FIS03994 04/08/2025 01/05/2024 08/10/2023 Books